000
00181nam a2200085 4500
001
1258552
005
20260312190717.0
245
_a
ZEHRA
_c
NABİZADE NAZIM
260
_b
ANONİM YAYINLARI
999
_c
1258552
_d
1258552